Relaciones cívico ,militares y el control civil de las fuerzas armadas

Guardat en:
Dades bibliogràfiques
Autor principal: Varas Fernández, Augusto
Format: Text
Publicat: s.l.: s.e.
Etiquetes: Afegir etiqueta
Sense etiquetes, Sigues el primer a etiquetar aquest registre!

MARC

LEADER 00000 a a2200000 04500
001 25122
003
040
090 |a 181900  
100 |a Varas Fernández, Augusto  
245 |a Relaciones cívico ,militares y el control civil de las fuerzas armadas  
260 |a s.l.:   |b s.e.  
300 |a 20 p.  
999 |c 14103  |d 14103